• 首页
  • 本馆介绍
  • 公告通知
  • 最新文献
  • 馆藏检索
  • 电子资源
  • 读者导购
  • 参考咨询
  • 我的图书馆
  • 登录
  • 详细信息显示
  • 放入我的书架
  • 预约/预借图书
  • 作者相关作品
  • 分类相关作品
  • 丛书相关作品
  • 出版社相关作品

书目信息

  • 表格格式
  • 工作单格式
  • 卡片格式
题名:
转型社会中的经济文化研究
    
 
作者: 张保权 著
分册:  
出版信息: 北京   社会科学文献出版社  2018
页数: 245页
开本: 24cm
丛书名:
单 册:
中图分类: G05
科图分类:
主题词: 文化经济学--wen hua jing ji xue--研究
电子资源:
ISBN: 978-7-5201-3391-3
000 01352nam0 2200277 450
001 012001002633
005 20131030085001.0
010    @a978-7-5201-3391-3@dCNY79.00
099    @aCAL 012018176865
100    @a20181114d2018 ekmy0chiy50 ea
101 0  @achi
102    @aCN@b110000
105    @ay a 000yy
106    @ar
200 1  @a转型社会中的经济文化研究@Azhuan xing she hui zhong de jing ji wen hua yan jiu@d= Study on economic culture in transitional society@f张保权著@zeng
210    @a北京@c社会科学文献出版社@d2018
215    @a245页@d24cm
320    @a有书目 (第236-243页)
330    @a本书坚持马克思主义立场、观点、方法,着重探讨作为一种重要文化类型的“经济文化”的含义、内容、特点和作用,围绕经济与文化、经济文化与社会转型之间的关系,着重研究近现代以来特别是当代中国社会转型过程中经济文化的形成与发展特征,深入阐述经济文化对社会经济发展的重要作用。创造性地提出并阐述了现代社会中经济文化的六种含义及其相互之间的关系:过程性与内涵性经济文化、制度性与法治性经济文化、利益性与伦理性经济文化,并以此作为概念分析工具,贯穿全书各个部分。
333    @a文化经济学研究者及相关读者。
510 1  @aStudy on economic culture in transitional society@zeng
606 0  @a文化经济学@Awen hua jing ji xue@x研究
690    @aG05@v5
701  0 @a张保权@Azhang bao quan@4著
801    @b江苏凤凰@c20191020
905    @b1229830-5@dG05@e121@f6
    
    转型社会中的经济文化研究= Study on economic culture in transitional society/张保权著.-北京:社会科学文献出版社,2018
    245页;24cm
    使用对象:文化经济学研究者及相关读者。
    
    ISBN 978-7-5201-3391-3:CNY79.00
    本书坚持马克思主义立场、观点、方法,着重探讨作为一种重要文化类型的“经济文化”的含义、内容、特点和作用,围绕经济与文化、经济文化与社会转型之间的关系,着重研究近现代以来特别是当代中国社会转型过程中经济文化的形成与发展特征,深入阐述经济文化对社会经济发展的重要作用。创造性地提出并阐述了现代社会中经济文化的六种含义及其相互之间的关系:过程性与内涵性经济文化、制度性与法治性经济文化、利益性与伦理性经济文化,并以此作为概念分析工具,贯穿全书各个部分。
●
相关链接 在E读中查询图书 在五车中查询图书 在当当中查询图书 在豆瓣中查询图书


正题名:转型社会中的经济文化研究     索取号:G05/121         预约/预借

序号 登录号 条形码 馆藏地/架位号 状态 备注
1 1229830   212298306   第一样本阅览室/ [索取号:G05/121] 在馆    
2 1229831   212298315   教育系资料室/ [索取号:G05/121] 在馆    
3 1229832   212298324   教育系资料室/ [索取号:G05/121] 在馆    
4 1229833   212298333   第四借阅区/ [索取号:G05/121] 在馆    
5 1229834   212298342   第四借阅区/ [索取号:G05/121] 在馆    
6 1229835   212298351   第四借阅区/ [索取号:G05/121] 在馆    
唐山师范学院图书馆 欢迎您!
大连网信软件有限公司© 版权所有